Ciudadanía y cultura política: intelectuales mexicanos de fin de siglo XIX /
El libro es fundamentalmente un ensayo sobre los conceptos de ciudadanía y cultura política de fin del siglo XIX, reconstruida a partir de sus intelectuales sobresalientes y, principalmente, a partir de los pensadores positivistas mexicanos, que protagonizaron la vida pública desde inicio de la Repú...
Bewaard in:
| Hoofdauteur: | |
|---|---|
| Formaat: | Texto |
| Taal: | Spanish |
| Gepubliceerd in: |
Toluca:
IAPEN. Instituto de Administración Pública del Estado de México
|
| Onderwerpen: | |
| Tags: |
Voeg label toe
Geen labels, Wees de eerste die dit record labelt!
|
MARC
| LEADER | 00000 a a2200000 04500 | ||
|---|---|---|---|
| 001 | 38032 | ||
| 003 | cru CIDCACS/IIS | ||
| 005 | 20231207162929.0 | ||
| 008 | 170505b xxu||||| |||| 00| 0 spa d | ||
| 020 | |a 968-6452-74-5 | ||
| 040 | |c cru CIDCACS/IIS |a cru CIDCACS/IIS | ||
| 090 | |a 04.04.02 T693c | ||
| 100 | |a Torres Salcido, Gerardo | ||
| 245 | 1 | 0 | |a Ciudadanía y cultura política: |b intelectuales mexicanos de fin de siglo XIX / |c Gerardo Torres Salcido |
| 260 | |a Toluca: |b IAPEN. Instituto de Administración Pública del Estado de México | ||
| 300 | |a 241 páginas | ||
| 520 | |a El libro es fundamentalmente un ensayo sobre los conceptos de ciudadanía y cultura política de fin del siglo XIX, reconstruida a partir de sus intelectuales sobresalientes y, principalmente, a partir de los pensadores positivistas mexicanos, que protagonizaron la vida pública desde inicio de la República Restaurada hasta la caída del Porfirismo. El foco de la reconstrucción se centra en las ideas de esos intelectuales sobre el significado de la Constitución de 1857 y sobre conceptos fundamentales del liberalismo decimonónico tales como Ciudadanía, Derecho a Voto, Democracia, Elecciones, Federalismo, Parlamentarismo y Ley | ||
| 650 | |a CIUDADANIA | ||
| 650 | |a POLITICA | ||
| 650 | |a INTELECTUALES | ||
| 650 | |a OPINION PUBLICA | ||
| 650 | |a LIBERTAD | ||
| 650 | |a CONSTITUCIONES | ||
| 650 | |a DEMOCRACIA | ||
| 650 | |a MEXICO | ||
| 942 | |2 z |c LI |h 04.04.02 T693c |i 05732 |6 040402_T693C_05732 | ||
| 999 | |c 15927 |d 15927 | ||



